al-Shiʻr wa-al-shuʻarāʼ /
Main Author:
Format: Book
Language: Arabic
Published:
Miṣr :
Maḥmūd Tawfīq al-Katabī,
1332 [1914].
Edition: al-Ṭabʼah 1.
Subjects:
Tags: Add Tag
Call Number: PJ7541 .I26 1914
| LEADER | 01173cam a2200253 a 4500 | ||
|---|---|---|---|
| 003 | OSt | ||
| 005 | 20231012133555.0 | ||
| 008 | 000102s1914 ua b 000 0 ara d | ||
| 952 | |0 0 |1 0 |2 lcc |4 0 |6 PJ7541 I26 01914 |7 1 |9 50416 |a ARCE |b ARCE |d 2023-10-12 |l 0 |o PJ7541 .I26 1914 |p 1028485 |r 2023-10-12 00:00:00 |w 2023-10-12 |y BK | ||
| 999 | |c 54799 |d 54799 | ||
| 040 | |c ARCE Library | ||
| 050 | 4 | |a PJ7541 .I26 1914 | |
| 100 | 1 | |6 880-01 |a Ibn Qutaybah, ʻAbd Allāh ibn Muslim, |d 828-889? | |
| 245 | 1 | 3 | |6 880-02 |a al-Shiʻr wa-al-shuʻarāʼ / |c taʼlīf Abī Muḥammad ʻAbd Allāh ibn Muslim ibn Qutaybah al-Daynūrī. |
| 250 | |6 880-03 |a al-Ṭabʼah 1. | ||
| 260 | |6 880-04 |a Miṣr : |b Maḥmūd Tawfīq al-Katabī, |c 1332 [1914]. | ||
| 300 | |a 183 pages ; |c 21 cm. | ||
| 504 | |a Includes bibliographical references. | ||
| 650 | 0 | |a Arabic poetry (Collections) | |
| 650 | 0 | |a Arabic poetry |y 750-1258 |x History and criticism. | |
| 880 | 1 | |6 100-01/(3/r |a ابن قتيبه, عبدالله بن مسلم, |d 889?-828. | |
| 880 | 1 | 2 | |6 245-02/(3/r |a الشعر والشعراء |c تأليف أبي محمد عبدالله بن مسلم بن قتيبه الدينوري. |
| 901 | |a reviewed | ||
| 942 | |2 lcc |c BK | ||
